<?xml version="1.0" encoding="UTF-8"?>
<record
    xmlns:xsi="http://www.w3.org/2001/XMLSchema-instance"
    xsi:schemaLocation="http://www.loc.gov/MARC21/slim http://www.loc.gov/standards/marcxml/schema/MARC21slim.xsd"
    xmlns="http://www.loc.gov/MARC21/slim">

  <leader>01619nam a2200181Ia 4500</leader>
  <controlfield tag="005">20260302161942.0</controlfield>
  <controlfield tag="008">260302s9999    xx          000 0 und d</controlfield>
  <datafield tag="020" ind1=" " ind2=" ">
    <subfield code="a">9780521441964</subfield>
  </datafield>
  <datafield tag="082" ind1=" " ind2=" ">
    <subfield code="a">339.5</subfield>
    <subfield code="b">CUR</subfield>
  </datafield>
  <datafield tag="100" ind1=" " ind2=" ">
    <subfield code="a">Currie, David A.</subfield>
  </datafield>
  <datafield tag="245" ind1=" " ind2="0">
    <subfield code="a">Rules, Reputation and Macroeconomic Policy Coordination / </subfield>
    <subfield code="c">Currie, David A.; Levine, Paul</subfield>
  </datafield>
  <datafield tag="260" ind1=" " ind2=" ">
    <subfield code="b">Cambridge University Press, </subfield>
    <subfield code="c">1993</subfield>
  </datafield>
  <datafield tag="300" ind1=" " ind2=" ">
    <subfield code="a">441 pages</subfield>
  </datafield>
  <datafield tag="520" ind1=" " ind2=" ">
    <subfield code="a">In this book David Currie and Paul Levine address a broad range of issues concerning the design and conduct of macroeconomic policy in open economies. Adopting neo-Keynesian models for which monetary and fiscal policy have short-term real effects, they analyse active stabilisation policies in both a single- and multi-country context. Questions addressed include: the merits of simple policy rules, policy design in the face of uncertainty and international policy coordination. A central feature of the book is the treatment of credibility and the effect of a policy-maker's reputation for sticking to announced policies. These considerations are integrated with coordination issues to produce a unique synthesis. The volume develops optimal control methods and dynamic game theory to handle relationships between governments and a conscious rational private sector and produces a unified, coherent approach to the subject. This book will be of interest to students and teachers of open economy macroeconomics and to professional economists interested in using macroeconomic models to design policy.</subfield>
  </datafield>
  <datafield tag="650" ind1=" " ind2=" ">
    <subfield code="a">Business &amp; Economics</subfield>
  </datafield>
  <datafield tag="700" ind1=" " ind2=" ">
    <subfield code="a">Levine, Paul</subfield>
  </datafield>
  <datafield tag="942" ind1=" " ind2=" ">
    <subfield code="c">ENGLISH</subfield>
  </datafield>
  <datafield tag="999" ind1=" " ind2=" ">
    <subfield code="c">616704</subfield>
    <subfield code="d">616704</subfield>
  </datafield>
  <datafield tag="952" ind1=" " ind2=" ">
    <subfield code="0">0</subfield>
    <subfield code="1">0</subfield>
    <subfield code="4">0</subfield>
    <subfield code="7">0</subfield>
    <subfield code="a">ACL</subfield>
    <subfield code="b">ACL</subfield>
    <subfield code="c">4A</subfield>
    <subfield code="d">2026-03-02</subfield>
    <subfield code="l">0</subfield>
    <subfield code="o">339.5 CUR</subfield>
    <subfield code="p">193818</subfield>
    <subfield code="r">2026-03-02 16:19:42</subfield>
    <subfield code="w">2026-03-02</subfield>
    <subfield code="y">ENGLISH</subfield>
  </datafield>
</record>
